<?xml version="1.0" encoding="UTF-8"?>
<record
    xmlns:xsi="http://www.w3.org/2001/XMLSchema-instance"
    xsi:schemaLocation="http://www.loc.gov/MARC21/slim http://www.loc.gov/standards/marcxml/schema/MARC21slim.xsd"
    xmlns="http://www.loc.gov/MARC21/slim">

  <leader>00720nam a22001937a 4500</leader>
  <controlfield tag="003">OSt</controlfield>
  <controlfield tag="005">20220531084012.0</controlfield>
  <controlfield tag="008">210407b           ||||| |||| 00| 0 eng d</controlfield>
  <datafield tag="040" ind1=" " ind2="4">
    <subfield code="a">DO-SdBNP</subfield>
    <subfield code="b">spa</subfield>
    <subfield code="c">BNPHU</subfield>
  </datafield>
  <datafield tag="082" ind1=" " ind2="4">
    <subfield code="2">BNPHU PD 342.07 OR77c</subfield>
  </datafield>
  <datafield tag="100" ind1=" " ind2=" ">
    <subfield code="4">Ortiz Valenzuela, Sergio</subfield>
  </datafield>
  <datafield tag="245" ind1=" " ind2=" ">
    <subfield code="a">Competencias Jurisdiccionales y Administrativas en Materia  Electoral : innecesario conflicto de atribuciones /</subfield>
    <subfield code="c">Sergio Ortiz Valenzuela,</subfield>
  </datafield>
  <datafield tag="260" ind1=" " ind2=" ">
    <subfield code="a">Santo Domingo : </subfield>
    <subfield code="b">Foro permanente de partidos pol&#xED;ticos de la Rep.Dom. (FOPPPREDOM)</subfield>
    <subfield code="c">2017</subfield>
  </datafield>
  <datafield tag="300" ind1=" " ind2=" ">
    <subfield code="a">42 p. ;</subfield>
    <subfield code="c">21 cm.</subfield>
  </datafield>
  <datafield tag="440" ind1=" " ind2=" ">
    <subfield code="a">Cuadernos por la Democracia </subfield>
    <subfield code="n">N&#xFA;m.3- Mayo / 2017</subfield>
    <subfield code="9">78326</subfield>
  </datafield>
  <datafield tag="590" ind1=" " ind2=" ">
    <subfield code="a">Inventariado, 2021 / SA</subfield>
  </datafield>
  <datafield tag="910" ind1=" " ind2=" ">
    <subfield code="a">S/A</subfield>
  </datafield>
  <datafield tag="942" ind1=" " ind2=" ">
    <subfield code="2">ddc</subfield>
    <subfield code="c">LF2</subfield>
  </datafield>
  <datafield tag="952" ind1=" " ind2=" ">
    <subfield code="0">0</subfield>
    <subfield code="1">0</subfield>
    <subfield code="2">ddc</subfield>
    <subfield code="5">1</subfield>
    <subfield code="7">1</subfield>
    <subfield code="8">MO</subfield>
    <subfield code="a">BNPHU</subfield>
    <subfield code="b">PD</subfield>
    <subfield code="c">CT</subfield>
    <subfield code="d">2021-04-07</subfield>
    <subfield code="e">Donado</subfield>
    <subfield code="i">2021-04-07</subfield>
    <subfield code="l">0</subfield>
    <subfield code="o">BNPHU PD 342.07 OR77c</subfield>
    <subfield code="p">2021-1314</subfield>
    <subfield code="r">2021-04-07</subfield>
    <subfield code="w">2021-04-07</subfield>
    <subfield code="y">LF2</subfield>
    <subfield code="z">S/A</subfield>
  </datafield>
  <datafield tag="952" ind1=" " ind2=" ">
    <subfield code="0">0</subfield>
    <subfield code="1">0</subfield>
    <subfield code="2">ddc</subfield>
    <subfield code="5">6</subfield>
    <subfield code="7">2</subfield>
    <subfield code="8">MO</subfield>
    <subfield code="a">BNPHU</subfield>
    <subfield code="b">PD</subfield>
    <subfield code="c">CT</subfield>
    <subfield code="d">2021-04-07</subfield>
    <subfield code="e">Donado</subfield>
    <subfield code="i">2021-04-07</subfield>
    <subfield code="l">0</subfield>
    <subfield code="o">BNPHU PD 342.07 OR77c</subfield>
    <subfield code="p">2021-1315</subfield>
    <subfield code="r">2021-04-07</subfield>
    <subfield code="t">e.2</subfield>
    <subfield code="w">2021-04-07</subfield>
    <subfield code="y">LF2</subfield>
    <subfield code="z">S/A</subfield>
  </datafield>
  <datafield tag="952" ind1=" " ind2=" ">
    <subfield code="0">0</subfield>
    <subfield code="1">0</subfield>
    <subfield code="2">ddc</subfield>
    <subfield code="5">6</subfield>
    <subfield code="7">0</subfield>
    <subfield code="8">MO</subfield>
    <subfield code="a">BNPHU</subfield>
    <subfield code="b">PD</subfield>
    <subfield code="c">CT</subfield>
    <subfield code="d">2021-04-07</subfield>
    <subfield code="e">Donado</subfield>
    <subfield code="i">2021-04-07</subfield>
    <subfield code="l">0</subfield>
    <subfield code="o">BNPHU PD 342.07 OR77c</subfield>
    <subfield code="p">2021-1318</subfield>
    <subfield code="r">2021-04-07</subfield>
    <subfield code="t">e.3</subfield>
    <subfield code="w">2021-04-07</subfield>
    <subfield code="y">LF2</subfield>
    <subfield code="z">S/A</subfield>
  </datafield>
  <datafield tag="999" ind1=" " ind2=" ">
    <subfield code="c">49710</subfield>
    <subfield code="d">49710</subfield>
  </datafield>
</record>
